• 首页
  • 本馆介绍
  • 公告通知
  • 最新文献
  • 馆藏检索
  • 电子资源
  • 读者导购
  • 参考咨询
  • 我的图书馆
  • 登录
  • 详细信息显示
  • 放入我的书架
  • 预约/预借图书
  • 作者相关作品
  • 分类相关作品
  • 丛书相关作品
  • 出版社相关作品

书目信息

  • 表格格式
  • 工作单格式
  • 卡片格式
题名:
数学游戏益智迷宫
    
 
作者: 崔钟雷 主编
分册:   比较和空间
出版信息: 哈尔滨   黑龙江美术出版社  2017.10
页数: 33页
开本: 29cm
丛书名:
单 册:
中图分类: G613.4
科图分类:
主题词: 数学课--学前教育--教学参考资料
电子资源:
ISBN: 978-7-5593-1738-4
000 00946nam0 2200241 450
001 0103152652
005 20201103152731.0
010    @a978-7-5593-1738-4@dCNY19.80
100    @a20180819d2017 bemy0chiy50 ea
101 0  @achi
102    @aCN@b230000
105    @aa z 000yy
106    @ar
200 1  @a数学游戏益智迷宫@Ashu xue you xi yi zhi mi gong@i比较和空间@f崔钟雷主编
210    @a哈尔滨@c黑龙江美术出版社@d2017.10
215    @a33页@c彩图@d29cm
300    @a越玩越聪明的数学迷宫
330    @a《数学游戏益智迷宫比较和空间》这是一本形式新颖、画面丰富的数学迷宫游戏书。书中内容丰富、线条简单流畅,小朋友在一边预测走哪条路才能抵达出口,一边前进的思考过程中,培养幼儿的洞察力和动脑能力。同时,能够激发小朋友的探索积极性,在游戏中提升数学能力。
606 0  @a数学课@x学前教育@j教学参考资料
690    @aG613.4@v5
701  0 @a崔钟雷@Acui zhong lei@f(1964-)@4主编
801  0 @aCN@bBJSZM@c20201103
905    @b1256631-5@dG613.4@e1065@f5
    
    数学游戏益智迷宫.比较和空间/崔钟雷主编.-哈尔滨:黑龙江美术出版社,2017.10
    33页:彩图;29cm
    越玩越聪明的数学迷宫
    
    ISBN 978-7-5593-1738-4:CNY19.80
    《数学游戏益智迷宫比较和空间》这是一本形式新颖、画面丰富的数学迷宫游戏书。书中内容丰富、线条简单流畅,小朋友在一边预测走哪条路才能抵达出口,一边前进的思考过程中,培养幼儿的洞察力和动脑能力。同时,能够激发小朋友的探索积极性,在游戏中提升数学能力。
●
相关链接 在E读中查询图书 在五车中查询图书 在当当中查询图书 在豆瓣中查询图书


正题名:数学游戏益智迷宫     索取号:G613.4/1065         预约/预借

序号 登录号 条形码 馆藏地/架位号 状态 备注
1 1256631   212566310   第一样本阅览室/ [索取号:G613.4/1065] 在馆    
2 1256632   212566329   教育系资料室/ [索取号:G613.4/1065] 在馆    
3 1256633   212566338   教育系资料室/ [索取号:G613.4/1065] 在馆    
4 1256634   212566347   第四借阅区/ [索取号:G613.4/1065] 在馆    
5 1256635   212566356   第四借阅区/ [索取号:G613.4/1065] 在馆    
唐山师范学院图书馆 欢迎您!
大连网信软件有限公司© 版权所有